000
00338nam a2200145Ia 4500
005
20251219210020.0
008
251218s1900||||xx |||||||||||||| ||spa||
020
_a
9507714618
082
_a
REF.463/C68/T.VII
100
_a
Butto, Nora
245
0
_a
Enciclopedia Temática Ilustrada
250
_a
1ra.ed.
264
_b
Clasa
942
_c
LIB
999
_c
165
_d
165